000 00405 a2200157 4500
005 20250627092147.0
020 _a0-321-44253-9
082 _a330.01 STO
100 _aSTOCK, H. J
245 _aIntroduction to Econometrics
250 _a2nd Ed.
260 _aBoston
_bPearson
_c2007.
300 _axlii,796p.: ill.; figures, tables
_bIndex, Glossary
_c22cm
700 _aMark W. Watson
942 _2ddc
_cBKS
999 _c5572
_d5572